Подземное хранение газа в единой системе газоснабжения

Dettagli Bibliografici
Autore principale: Фурман И. Я. Исаак Яковлевич
Lingua:russo
Pubblicazione: Москва, Недра, 1992
Soggetti:
Natura: Libro
KOHA link:https://koha.lib.tpu.ru/cgi-bin/koha/opac-detail.pl?biblionumber=28997

MARC

LEADER 00000nam0a2200000 4500
001 28997
005 20231030203053.0
010 |a 5247024877 
035 |a (RuTPU)RU\TPU\book\29255 
035 |a BOOK00000980 
090 |a 28997 
100 |a 20011209d1992 k y0rusy50 ca 
101 0 |a rus 
102 |a RU 
105 |a a z 000zy 
200 1 |a Подземное хранение газа в единой системе газоснабжения  |f И. Я. Фурман 
210 |a Москва  |c Недра  |d 1992 
215 |a 171 с.  |c ил. 
320 |a Библиогр.: с. 170. 
610 1 |a горное дело 
610 1 |a природные газы 
610 1 |a подземное хранение 
610 1 |a газоснабжение 
610 1 |a погребление 
610 1 |a сезонные колебания 
675 |a 622.691.2  |v 3 
700 1 |a Фурман  |b И. Я.  |g Исаак Яковлевич 
801 0 |a RU  |b 63413507  |c 20011209  |g PSBO 
801 2 |a RU  |b 63413507  |c 20070421  |g PSBO 
942 |c BK